Top 4 de cada temporada del fútbol mexicano - Estadísticas

Estadísticas generales
  • Esta prueba ha sido intentada 102 veces
  • La puntuación promedio es 21 de 39
Estadísticas de respuestas
RESPUESTA EQUIPO % Correcto
1 Club América
100%
6 Tigres UANL
96%
10 C. F. Monterrey
95%
2 Guadalajara
95%
4 Cruz Azul
92%
5 Club León
89%
7 Pumas UNAM
89%
8 Pachuca
87%
3 Toluca
85%
24 Club Tijuana
82%
13 Atlas F. C.
81%
9 Santos Laguna
78%
12 Club Necaxa
77%
32 Querétaro F. C.
75%
14 Club Puebla
68%
18 Monarcas Morelia
68%
11 Atlante F.C.
65%
16 Veracruz
63%
31 San Luis F. C.
57%
34 Club de Fútbol Indios
48%
17 C. D. Oro
39%
20 Tecos UAG
39%
26 Leones Negros U. de G.
37%
23 C. D. Tampico
35%
30 Toros Neza
35%
21 C. F. Asturias
34%
15 Zacatepec
34%
19 R. C. España
33%
33 Atlético San Luis
32%
29 Atlético Celaya
30%
39 C. D. Irapuato
30%
22 C. D. Marte
28%
28 Atlético Español
25%
27 Tampico-Madero F. C.
18%
38 Club Jalisco
15%
36 Atletico Morelia
13%
40 Moctezuma de Orizaba
9%
37 Unión de Curtidores
8%
35 Coyotes Neza
6%
No se encontraron pruebas coincidentes
Distribución de puntuación
Porcentaje de gente con cada puntuación
Porcentaje por número respondido
Historial de tus puntuaciones
No has intentado esta prueba.